00695 2200241 4500001002100000005001700021008004100038020002200079035002400101040001200125082001000137090002000147100002100167245010400188250001100292260003000303300001900333500002600352650002400378700001800402850001200420999002100432YOGYA-0712000000041820120730212348.0 ind  a978-602-191-145-7 0010-071200000000418 aYOPDYOG a658.1 aDEP 658.1 Mah C aMAHMUD MACHFOEDZ aCara-cara jitu berjualan dengan sentuhan-sentuhan kreatif /cMahmud Machfoedz; editor A.S Sudjatna. aCet.1. aJogjakartabLaksanac2012 a305 hlmc20 cm aBibliografi; hlm. 305 aManajemen Penjualan aSudjatna, A.S aYOPDYOG aCB-D.11 2012-372